000 00466nam a22001577a 4500
008 180706b xxu||||| |||| 00| 1 tur d
041 _atur
050 _aPL248.A55
100 _aAnday, Melih Cevdet
_9229
245 _aRaziye
250 _aAdam Yayınları'nda 2.Basım
260 _aİstanbul
_bAdam Yayınları
_cMayıs 1992
500 _a1.Basım : 1975 Adam Yayınları'nda 1.Basım : Şubat 1990
650 0 _9145
_aTürk Edebiyatı
942 _2lcc
_cBK
999 _c2286
_d2246